Hundearten nennen - Statistiken

Allgemein
  • Dieses Quiz wurde 35 mal gespielt
  • Das Durchschnittsergebnis liegt bei 5 aus 35
Antwortstatistiken
Antwort % Korrekt
Wolf
97%
Fennek
47%
Rotfuchs
40%
Eisfuchs
37%
Kojote
37%
Marderhund
33%
Afrikanischer Wildhund
27%
Goldschakal
27%
Mähnenwolf
17%
Schabrackenschakal
13%
Waldhund
13%
Äthiopischer Wolf
10%
Graufuchs
10%
Streifenschakal
10%
Andenschakal
7%
Löffelhund
7%
Rothund
7%
Steppenfuchs
7%
Tibetfuchs
7%
Afghanfuchs
3%
Afrikanischer Goldwolf
3%
Argentinischer Kampfuchs
3%
Bengalfuchs
3%
Blassfuchs
3%
Brasilianischer Kampfuchs
3%
Darwin-Fuchs
3%
Insel-Graufuchs
3%
Kapfuchs
3%
Kitfuchs
3%
Kurzohrfuchs
3%
Maikong
3%
Pampasfuchs
3%
Sandfuchs
3%
Sechurafuchs
3%
Swiftfuchs
3%
Keine übereinstimmenden Quizze gefunden
Verteilung der Resultate
Anzahl Personen mit jedem Resultat
Perzentil nach korrekt beantworteten Fragen
Ihre Resultats-Entwicklung
Sie haben dieses Quiz noch nicht gespielt